000
00296nam a2200121Ia 4500
005
20251222142007.0
008
251222s9999||||xx |||||||||||||| ||spa||
082
_a
372.3/R68
100
_a
Rivera Muñoz, Jorge L.
245
0
_a
Educación, Ecología y Desarrollo
264
_b
UNMSM
942
_c
LIB
999
_c
10210
_d
10210